000 00413nam a2200169Ia 4500
001 16444
003 IN-NITTTR
005 20251114233155.0
008 251113s9999||||xx |||||||||||||| ||eng||
040 _beng
040 _cIN-NITTTR
041 _aeng
082 _a621.38195 S17C
100 _aSafford, Edward L.
245 0 _aComplete microcomputer systems handbook. /
_cSafford, Edward L.
942 _2ddc
_cBK
999 _c19078
_d19078